Sankcie majetkovej povahy v hospodárskych predpisoch čiastková úloha SPEV 909 003.04
Guardado en:
| Autor principal: | |
|---|---|
| Formato: | Libro |
| Lenguaje: | eslovaco |
| Publicado: |
Bratislava
Ústav hospodárskeho práva
1983
|
| Colección: | Výskumná úloha
č. 100 |
| Etiquetas: |
Sin Etiquetas, Sea el primero en etiquetar este registro!
|
MARC
| LEADER | 00000nam a2200000 4500 | ||
|---|---|---|---|
| 001 | c106985 | ||
| 005 | 20220421103511.4 | ||
| 041 | 0 | |a slo | |
| 044 | |a SK | ||
| 245 | 1 | 0 | |a Sankcie majetkovej povahy v hospodárskych predpisoch |b čiastková úloha SPEV 909 003.04 |c Mária Kolaříková |
| 264 | 1 | |a Bratislava |b Ústav hospodárskeho práva |c 1983 | |
| 300 | |a 124 s. | ||
| 490 | 1 | |a Výskumná úloha |v č. 100 | |
| 830 | 0 | |a Výskumná úloha |v č. 100 | |
| 100 | 1 | |a Kolaříková, Mária | |